00772nam a22002057a 450000500170000001000150001702000270003203500130005903700130007208200130008510000160009824500950011426000420020927001030025130000230035470000170037794200270039499900170042195201280043820140318124824.0 aENG-109449 c1100.00a9789350351710 aEN-92982 bDBAD/PUB a344.5401 aKumar,H.L. 00aPractice and procedure of labour laws with model forms /cby H.L. Kumar [and] Gaurav Kumar aDelhibUniversal Law Publishingc2012 aC-FF-1A, Dilkhush Industrial Estate, (Near Azadpur Metro Station) G.T. Karnal Road,bDelhie110033 aIx,843p.c24cm(Hb) aGaurav Kumar 2ddccENmKUMh344.5401 c82719d82719 001040718NFICaDBADbDBADd2014-02-25eDBAD/PUBg1100.00l0o344.5401 KUMpEN-92982r2014-02-25 00:00:00t1v1100.00yEN